Responses for Show #2671 - Monday, March 25, 1996

Contestants

[<< previous game]

Peter Lombardo, a Navy nurse from Oceanside, California

Marty Sade, a math teacher from Tucson, Arizona

Maria Canavan, an audiologist originally from Warwick, New York (whose 1-day cash winnings total $7,800)

[next game >>]

Jeopardy! Round responses

GEOGRAPHY
SMITHSONIAN TV PROPS
TRANSPORTATION
CHILDREN'S LITERATURE
BUSINESS & INDUSTRY
FRUITY PHRASES
    $100 6
the Mediterranean

Maria
    $100 1
Star Trek

Peter
    $100 26
a bicycle

Peter
    $100 11
(Marty: What is Robin Lou--Louis Stevenson?)
[Originally accepted as correct, reversed after first commercial break]

Robert Louis Stevenson

Marty
Triple Stumper
    $100 21
McDonald's

Peter
    $100 16
a bad (rotten) apple

Maria
    $200 7
Scotland

Peter
    $200 2
Carol Burnett

Maria
    $200 27
the kayak

Peter
    $200 12
"Little Red Riding Hood"

Triple Stumper
    $200 22
Coors

Peter
    $200 17
peachy

Marty
    $300 8
India

Peter
    $300 3
Clarabell

Marty
    $300 28
horses

Peter
    $300 13
A.A. Milne

Marty
    $300 23
(Marty: What is Carnation?)

Nestlé

MariaMarty
    $300 18
the limelight

Marty
    $400 9
California

Marty
    $400 4
Marlon Perkins

Peter
    $400 29
(Marty: What is the railroad?)
(Alex: Hmm...)
(Marty: What is the train?)
(Alex: More--I'll give you one more shot at it.)

the steam locomotive

Marty
    $400 14
Hans Brinker

Peter
    $600 24
Fleischmann

Maria
    $400 19
a fig

Marty
    $500 10
(Maria: What is Lake Ontario?)

Erie

MariaMarty
    $500 5
Magnum (P.I.)

Marty
    $500 30
cutter

Maria
    $500 15
My Friend Flicka

Maria
    $500 25
Texas Instruments

Peter
    $500 20
the grapevine

Peter

Scores at the first commercial break (after clue 15):

Maria Marty Peter
$300 $1,900 $1,400

Scores at the end of the Jeopardy! Round:

Maria Marty Peter
$1,800 $2,900 $3,300

Double Jeopardy! Round responses

HISTORIC PEOPLE
MUSIC APPRECIATION
U.S. PLACE NAMES
ORGANIZATIONS
PLAYS & PLAYWRIGHTS
POTPOURRI
    $200 1
Iran

Marty
    $200 19
"Chopsticks"

Maria
    $200 8
St. Paul

Marty
    $200 24
Alcoholics Anonymous

Maria
    $200 6
Shakespeare

Marty
    $200 12
the Olympics

Marty
    $400 2
Gandhi

Maria
    $400 20
the English horn

Maria
    $400 15
Cooperstown

Maria
    $400 25
Helen Keller

Peter
    $400 7
Death of a Salesman

Peter
    $400 13
the Silk Trail (Road)

Marty
    $600 3
(Maria: Who is...)

(Louis) Pasteur

MariaPeter
    $600 21
the xylophone

Peter
    $1,000 16
Mesa

Maria
    $1,500 26
Future Homemakers of America

Peter
    $600 9
Ibsen

Marty
    $600 14
the Galapagos Islands

Peter
    $800 4
Hannibal

Marty
    $800 22
Rossini

Maria
    $800 17
(Peter: What is Sweden?)

Norway

MariaPeter
    $800 27
(Maria: What is the Salvation Army?)

Toys for Tots

MariaPeter
    $800 10
(Maria: Who is Molière?)

Alexandre Dumas (the son, fils)

Maria
Triple Stumper
    $800 30
Jacques Cartier

Triple Stumper
    $1000 5
Henry VIII

Triple Stumper
    $1000 23
Grofé

Peter
    $1000 18
Council Bluffs

Peter
    $1000 28
Amnesty International

Marty
    $1000 11
Laurence Olivier

Triple Stumper
    $1000 29
(Peter: What is emulsification?)

hydrogenation

Peter
Triple Stumper

Scores at the end of the Double Jeopardy! Round:

Maria Marty Peter
$3,800 $6,500 $8,400

[wagering suggestions for these scores]

Final Jeopardy! Round responses

THE ELEMENTS
(Alex: [To Marty] You are gonna benefit from something amazing here, because the symbol for [*], which is the correct response, is [**]. You have an A and you have an R and so we are going to accept that.)
...
(Alex: Peter came up with helium, which was discovered on the Sun.)
MariaWhat is neon
$3,000
MartyWhat is AR
$6,499
PeterWhat is Helium?
$4,601
argon (Ar)

Final scores:

Maria Marty Peter
$800 $12,999 $3,799
3rd place: Gibson washer & dryer + Jeopardy home game and computer version by GameTek New champion: $12,999 2nd place: Dynamo Security Centers home security system & Hammerman animal brooches + Jeopardy home game and computer version

Game dynamics:

Coryat scores:

Maria Marty Peter
$3,200 $6,500 $7,500
15 R
(including 2 DDs),
4 W
17 R,
2 W
21 R
(including 1 DD),
2 W

Combined Coryat: $17,200

[game clues] [game scores] [suggest correction]

Game tape date: Unknown
The J! Archive is created by fans, for fans. Scraping, republication, monetization, and malicious use prohibited; this site may use cookies and collect identifying information. See terms. The Jeopardy! game show and all elements thereof, including but not limited to copyright and trademark thereto, are the property of Jeopardy Productions, Inc. and are protected under law. This website is not affiliated with, sponsored by, or operated by Jeopardy Productions, Inc. Join the discussion at JBoard.tv.